House prices up again (Record no. 71385)
[ view plain ]
| 000 -LEADER | |
|---|---|
| fixed length control field | 01345cam a2200193 4500 |
| 001 - CONTROL NUMBER | |
| control field | WB3838-12 |
| 008 - FIXED-LENGTH DATA ELEMENTS--GENERAL INFORMATION | |
| fixed length control field | 021017n2002 000 0 eng u |
| 035 ## - SYSTEM CONTROL NUMBER | |
| System control number | (Sirsi) u120158 |
| 245 ## - TITLE STATEMENT | |
| Title | House prices up again |
| 260 ## - PUBLICATION, DISTRIBUTION, ETC. | |
| Date of publication, distribution, etc. | 2002 |
| 490 ## - SERIES STATEMENT | |
| Series statement | RICS Press Release |
| Volume/sequential designation | 17 October 2002, (1) |
| 520 ## - SUMMARY, ETC. | |
| Summary, etc. | House price inflation is accelerating again according to the just published RICS housing market survey for England and Wales for three months to September 2002. 58% more surveyors reported price rises in September than those reporting falls, up 6% on August and almost two and a half times the long-term trend of 24%. Price upturn was strongest in East Midlands, Yorkshire and Humberside with the London market now picking up after the summer. Potential number of buyers making enquiries went up in comparison with August. Chartered surveyors expect prices to continue to rise and the number of surveyors expecting sales to rise remains high. The survey is available at http://www.rics.org/downloads/market_survey/housing_sep02.pdf http://www.rics.org/ricscms/bin/show?class=PressRelease&template=/includes/showpr.html&id=822 |
| 590 ## - LOCAL NOTE (RLIN) | |
| Local note | WB |
| 650 ## - SUBJECT ADDED ENTRY--TOPICAL TERM | |
| Topical term or geographic name entry element | RICS MARKET SURVEYS |
| 650 ## - SUBJECT ADDED ENTRY--TOPICAL TERM | |
| Topical term or geographic name entry element | HOUSE PRICE INFLATION |
| 650 ## - SUBJECT ADDED ENTRY--TOPICAL TERM | |
| Topical term or geographic name entry element | HOUSING MARKET SURVEYS |
| 690 ## - LOCAL SUBJECT ADDED ENTRY--TOPICAL TERM (OCLC, RLIN) | |
| Topical term or geographic name as entry element | PROPERTY-RESIDENTIAL PROPERTY-RESIDENTIAL PROPERTY MARKET |
| 942 ## - ADDED ENTRY ELEMENTS (KOHA) | |
| Suppress in OPAC | 0 |
| Withdrawn status | Lost status | Source of classification or shelving scheme | Damaged status | Not for loan | Home library | Current library | Shelving location | Date acquired | Total Checkouts | Full call number | Barcode | Date last seen | Copy number | Price effective from | Koha item type |
|---|---|---|---|---|---|---|---|---|---|---|---|---|---|---|---|
| Dewey Decimal Classification | London | London | News article | 17/10/2002 | WB3838-12 | 120158-1001 | 06/08/2019 | 1 | 06/08/2019 | News article |